| 000 | 00536 a2200205 4500 | ||
|---|---|---|---|
| 005 | 20250218103420.0 | ||
| 008 | 250218b |||||||| |||| 00| 0 eng d | ||
| 020 |
_a9788130912608 _cRs. 1195.00 |
||
| 040 | _aMAIN | ||
| 082 |
_a615.19 _bG293T |
||
| 100 | _aGeorge, Mathew | ||
| 245 | _aTextbook of pharmaceutical chemistry | ||
| 260 |
_bViva Books _c2023 _aNew Delhi |
||
| 300 | _ax, 354 | ||
| 650 | _aPharmaceutical Science | ||
| 650 | _aPharmaceutical Chemistry | ||
| 650 | _aDrugs | ||
| 700 | _aJoseph, Lincy | ||
| 942 | _cBK | ||
| 999 |
_c360857 _d360857 |
||